Anteproyectos de ley orgánica de municipalidades y la institución municipal en el Perú / (Record no. 12564)

000 -CABECERA
fixed length control field 00858nam a22002057a 4500
003 - IDENTIFICADOR DEL NÚMERO DE CONTROL
control field AR-CdUCM
008 - DATOS DE LONGITUD FIJA--INFORMACIÓN GENERAL
fixed length control field 190409b ||||| |||| 00| 0 spa d
040 ## - FUENTE DE LA CATALOGACIÓN
Agencia/entidad que catalogó originalmente la obra MUNICIPALIDAD PROVINCIAL DEL CUSCO
Entidad que transcribió la catalogación BIBLIOTECA MUNICIPAL DEL CUSCO
082 ## - NÚMERO DE LA CLASIFICACIÓN DECIMAL DEWEY
No. de Clasificación 343.9 /
Notacion interna N94
100 ## - ENTRADA PRINCIPAL--NOMBRE DE PERSONA
Nombre Personal Nuñez Borja, Humberto
245 ## - MENCIÓN DE TÍTULO
Título Anteproyectos de ley orgánica de municipalidades y la institución municipal en el Perú /
260 ## - PUBLICACIÓN, DISTRIBUCIÓN, ETC.
Lugar de publicación, distribución, etc. Arequípa :
Nombre de la editorial, distribuidor, etc. Facultad de derecho de la universidad nacional de San Agustín consejo provincial de Arequípa,
300 ## - DESCRIPCIÓN FÍSICA
Nº de Páginas Extensión 558 páginas ;
Dimensiones 25 cm.
505 ## - NOTA DE CONTENIDO CON FORMATO
Nota de contenido formateada Contenido : Nuestro propósito -- Anteproyectos de ley orgánica de municipalidades -- Ley de municipalidades de 1873 ...
650 ## - PUNTO DE ACCESO ADICIONAL DE MATERIA--TÉRMINO DE MATERIA
Descriptor Leyes
9 (RLIN) 4808
650 ## - PUNTO DE ACCESO ADICIONAL DE MATERIA--TÉRMINO DE MATERIA
Descriptor Municipalidades
9 (RLIN) 30449
650 ## - PUNTO DE ACCESO ADICIONAL DE MATERIA--TÉRMINO DE MATERIA
Descriptor Arequípa
9 (RLIN) 1703
942 ## - ELEMENTOS DE PUNTO DE ACCESO ADICIONAL (KOHA)
Fuente de clasificación
Tipo de item Revistas cusqueñas
945 ## - PROCESAMIENTO DE INFORMACIÓN LOCAL (OCLC)
Catalogador rah
AAAA-MM-DD - Fecha de ingreso o modificacion 09/04/2019
Holdings
Estado de retiro (separado) Fuente de clasificación o esquema de estanterías Estado dañado Ubicación Sala donde se ubica Nombre de la colección Fecha de adquisición o compra Costo, precio normal en soles Signatura topográfica Código de Barras Última vez visto (Koha) Tipo de ítem (Koha)
No     Sala Cusco Antiguo Sala Cusco Antiguo Book Cart 2019-04-09 40.00 343.9 / N94 SCA0002312 2019-04-09 Libros-BMC

Powered by Koha